| 000 | 00625nam a2200229 i 4500 | ||
|---|---|---|---|
| 001 | bgj | ||
| 100 | 1 |
_aDOYLE, Arthur Conan _d(1859-1930). |
|
| 245 | 1 | 0 |
_aThe Memoirs of Sherlock Holmes / _cArthur Conan Doyle. |
| 260 |
_aLondon [etc.] : _bPenguin Books, _c1950. |
||
| 300 |
_a255 pp ; _c18 cm. |
||
| 490 | 1 | _aPenguin Books | |
| 650 | 9 |
_aPrivate investigators _zEngland |
|
| 650 | 9 | _aDetective and mystery stories | |
| 655 | _aFiction | ||
| 830 | _aPenguin Books | ||
| 020 | _a0140007857 | ||
| 040 | _cBPK | ||
| 041 | 0 | _aeng | |
| 920 | _a0-14-000785-7 | ||
| 942 | _cKS | ||
| 008 | s uk f |000 0 eng | ||
| 999 |
_c47768 _d47768 |
||
| 856 |
_uhttp://koha.tu.koszalin.pl/cgi-bin/koha/opac-detail.pl?biblionumber=47768 _yKatalog online BPK |
||